| 000 | 00319nam a2200121Ia 4500 | ||
|---|---|---|---|
| 008 | 190216s9999||||xx |||||||||||||| ||und|| | ||
| 100 | _aC.J .babu | ||
| 245 | 0 | _aThermal Statistical Solid State Physics | |
| 250 | _a3rd Ed. | ||
| 260 |
_bCalicut University Central Co-Operative _c2000 |
||
| 650 | _aPhysics | ||
| 942 | _cBK | ||
| 999 |
_c34651 _d34651 |
||